| 000 | 00470nam a2200169 a 4500 | ||
|---|---|---|---|
| 005 | 20210223123726.0 | ||
| 008 | 991125s1954 mx 000 0 spa u | ||
| 035 | _aUPN01000058819 | ||
| 049 | _aCG | ||
| 050 | 4 |
_aF1234 M3.3 _bU7.8 |
|
| 100 | 1 |
_aUrquizo, Francisco L., _d1891-1969 _929458 |
|
| 245 | 1 | 0 |
_aViva Madero / _cFrancisco L. Urquizo. |
| 260 |
_aMéxico : _bMarte, _c1954. |
||
| 300 | _a354 p. | ||
| 600 | 1 | 4 |
_aMADERO, FRANCISCO IGNACIO, _d1873-1913 |
| 905 | _aLibro | ||
| 999 |
_c58819 _d58819 |
||